000 01771nam a2200193Ia 4500
008 220216s9999 xx 000 0 und d
100 _aKouaio A M C
245 0 _aFood crops associated with Hevea in Cote dIvoire : Resulting effect on production
260 _bPapers presented at IRRDB seminar 5-8 November 1996 Sri Lanka p23
520 _aThe study of the effects of different foodcrop systems, planted at 1, 2 and 3 m from Hevea rows, on the production from a lower planting density (421 trees/ha) trial and according to a double row planting scheme showed than on the one hand, the distance between foodcrops and Hevea row has no perceptible effect on production during the first two campaigns and, on the other hand, the food crop systems lead to a yield/ha some 25;higher than that of the standard plot with leguminous cover plants in the inter-rows. This higher yield appeared to be mostly related to the number of tapped trees, and thus the known precocity of Hevea trees associated with food crops, rather than the intrinsic tree production. This result was confirmed in another intercropping trial at the standard planting density (510 trees/ha) during the first four production campaigns. The difference between the results of the two trials in this second experiment gradually decrease to zero at year five of production. These results are indicative of the impact of conception between the leguminous cover plants and the Hevea trees during the immature period. The reduced competition in the case of food crops leads to a production gain from the trees at opening.
650 _aCote dIvoire
650 _aFood crops
650 _aHevea
650 _aIntercropping
650 _aYield
700 _aGoue B D
700 _aKeil J Z
942 _cJS
999 _c59508
_d59508